Vernacular architecture in the twenty-first century : (Record no. 8888)

MARC details
000 -LEADER
fixed length control field 01803cam a22004574a 4500
001 - CONTROL NUMBER
control field 13917351
003 - CONTROL NUMBER IDENTIFIER
control field OSt
005 - DATE AND TIME OF LATEST TRANSACTION
control field 20260414140916.0
008 - FIXED-LENGTH DATA ELEMENTS--GENERAL INFORMATION
fixed length control field 050331s2006 enkae b 001 0 eng
010 ## - LIBRARY OF CONGRESS CONTROL NUMBER
LC control number 2005009321
020 ## - INTERNATIONAL STANDARD BOOK NUMBER
International Standard Book Number 0415357810
020 ## - INTERNATIONAL STANDARD BOOK NUMBER
International Standard Book Number 9780415357814
020 ## - INTERNATIONAL STANDARD BOOK NUMBER
International Standard Book Number 0415357950
Qualifying information pbk.
020 ## - INTERNATIONAL STANDARD BOOK NUMBER
International Standard Book Number 9780415357951
Qualifying information pbk.
020 ## - INTERNATIONAL STANDARD BOOK NUMBER
International Standard Book Number 0203003861
Qualifying information eb
020 ## - INTERNATIONAL STANDARD BOOK NUMBER
International Standard Book Number 9780203003862
Qualifying information eb
035 ## - SYSTEM CONTROL NUMBER
System control number 13917351
035 ## - SYSTEM CONTROL NUMBER
System control number (OCoLC)58791161
040 ## - CATALOGING SOURCE
Original cataloging agency DLC
Transcribing agency DLC
Modifying agency BAKER
-- BWKUK
-- OCLCQ
-- YDXCP
-- LVB
-- DLC
042 ## - AUTHENTICATION CODE
Authentication code pcc
050 00 - LIBRARY OF CONGRESS CALL NUMBER
Classification number NA208
Item number .V48 2006
082 00 - DEWEY DECIMAL CLASSIFICATION NUMBER
Classification number 728.09 V48 2006
Edition number 22
245 00 - TITLE STATEMENT
Title Vernacular architecture in the twenty-first century :
Remainder of title theory, education and practice /
Statement of responsibility, etc. edited by Lindsay Asquith and Marcel Vellinga.
246 3# - VARYING FORM OF TITLE
Title proper/short title Vernacular architecture in the 21st century
260 ## - PUBLICATION, DISTRIBUTION, ETC.
Place of publication, distribution, etc. London ;
-- New York :
Name of publisher, distributor, etc. Taylor & Francis,
Date of publication, distribution, etc. 2006.
300 ## - PHYSICAL DESCRIPTION
Extent xviii, 294 p. :
Other physical details ill., plans ;
Dimensions 24 cm.
336 ## - CONTENT TYPE
Content type term text
Content type code txt
Source rdacontent
337 ## - MEDIA TYPE
Media type term unmediated
Media type code n
Source rdamedia
338 ## - CARRIER TYPE
Carrier type term volume
Carrier type code nc
Source rdacarrier
504 ## - BIBLIOGRAPHY, ETC. NOTE
Bibliography, etc. note Includes bibliographical references (p. 269-287) and index.
650 #0 - SUBJECT ADDED ENTRY--TOPICAL TERM
Topical term or geographic name entry element Vernacular architecture.
700 1# - ADDED ENTRY--PERSONAL NAME
Personal name Asquith, Lindsay.
700 1# - ADDED ENTRY--PERSONAL NAME
Personal name Vellinga, Marcel.
856 41 - ELECTRONIC LOCATION AND ACCESS
Materials specified Table of contents
Uniform Resource Identifier <a href="http://www.loc.gov/catdir/toc/ecip0510/2005009321.html">http://www.loc.gov/catdir/toc/ecip0510/2005009321.html</a>
856 42 - ELECTRONIC LOCATION AND ACCESS
Materials specified Publisher description
Uniform Resource Identifier <a href="http://www.loc.gov/catdir/enhancements/fy0661/2005009321-d.html">http://www.loc.gov/catdir/enhancements/fy0661/2005009321-d.html</a>
856 42 - ELECTRONIC LOCATION AND ACCESS
Materials specified Contributor biographical information
Uniform Resource Identifier <a href="http://www.loc.gov/catdir/enhancements/fy1012/2005009321-b.html">http://www.loc.gov/catdir/enhancements/fy1012/2005009321-b.html</a>
906 ## - LOCAL DATA ELEMENT F, LDF (RLIN)
a 7
b cbc
c orignew
d 1
e ecip
f 20
g y-gencatlg
942 ## - ADDED ENTRY ELEMENTS (KOHA)
Source of classification or shelving scheme Dewey Decimal Classification
Koha item type English Book
Suppress in OPAC No
Holdings
Withdrawn status Lost status Source of classification or shelving scheme Damaged status Not for loan Home library Current library Date acquired Total Checkouts Full call number Barcode Date last seen Price effective from Koha item type
    Dewey Decimal Classification     CENTRAL TUWAIQ 04/14/2026   728.09 V48 2006 1000000029195 04/14/2026 04/14/2026 English Book